| 000 | 00500nam a22001457a 4500 | ||
|---|---|---|---|
| 003 | OSt | ||
| 040 | _a1 | ||
| 082 |
_a954.9122 _bAZI 2010 |
||
| 100 | _4Aziz, Khalid | ||
| 245 |
_aSwat _bThe Main Causes of the Breakdwon og Governance and rise of militancy _cKhalid Aziz |
||
| 260 |
_aPeshawar _bRIPORT _c2010 |
||
| 300 | _a124 p | ||
| 651 | _aMethodology, Demography and brief history, Communication, The Poverty trap,Land ownership & Militancy, Governance, A Model of the crisis, Swat | ||
| 942 |
_2ddc _cBK |
||
| 999 |
_c16174 _d16174 |
||